DFB WM 2002 -2022 Alle eingesetzten Spieler - Statistiken

Allgemein
  • Dieses Quiz wurde 228 mal gespielt
  • Das Durchschnittsergebnis liegt bei 335 aus 482
Antwortstatistiken
WM Gegner Position % Korrekt
2010 Australien Tor Manuel Neuer
97%
2010 Serbien Tor Manuel Neuer
97%
2010 Ghana Tor Manuel Neuer
97%
2010 England Tor Manuel Neuer
97%
2010 Argentinien Tor Manuel Neuer
97%
2010 Spanien Tor Manuel Neuer
97%
2014 Portugal Tor Manuel Neuer
97%
2014 Ghana Tor Manuel Neuer
97%
2014 USA Tor Manuel Neuer
97%
2014 Algerien Tor Manuel Neuer
97%
2014 Frankreich Tor Manuel Neuer
97%
2014 Brasilien Tor Manuel Neuer
97%
2014 Argentinien Tor Manuel Neuer
97%
2018 Mexiko Tor Manuel Neuer
97%
2018 Schweden Tor Manuel Neuer
97%
2018 Südkorea Tor Manuel Neuer
97%
2022 Japan Tor Manuel Neuer
97%
2022 Spanien Tor Manuel Neuer
97%
2022 Costa Rica Tor Manuel Neuer
97%
Sturm Miroslav Klose
96%
Sturm Miroslav Klose
96%
Sturm Miroslav Klose
96%
Sturm Miroslav Klose
96%
Sturm Miroslav Klose
96%
Sturm Miroslav Klose
96%
Sturm Miroslav Klose
96%
Sturm Miroslav Klose
96%
Sturm Miroslav Klose
96%
Sturm Miroslav Klose
96%
Sturm Miroslav Klose
96%
Sturm Miroslav Klose
96%
Sturm Miroslav Klose
96%
Sturm Miroslav Klose
96%
Sturm Miroslav Klose
96%
Sturm Miroslav Klose
96%
Sturm Miroslav Klose
96%
Sturm Miroslav Klose
96%
Sturm Miroslav Klose
96%
69. Miroslav Klose
96%
46. Miroslav Klose
96%
Sturm Miroslav Klose
96%
Sturm Miroslav Klose
96%
Sturm Miroslav Klose
96%
2002 Saudi Arabien Tor Oliver Kahn
95%
2002 Irland Tor Oliver Kahn
95%
2002 Kamerun Tor Oliver Kahn
95%
2002 Paraguay Tor Oliver Kahn
95%
2002 USA Tor Oliver Kahn
95%
2002 Südkorea Tor Oliver Kahn
95%
2002 Brasilien Tor Oliver Kahn
95%
2006 Portugal Tor Oliver Kahn
95%
Mittel Thomas Müller
95%
Mittel Thomas Müller
95%
Mittel Thomas Müller
95%
Mittel Thomas Müller
95%
Mittel Thomas Müller
95%
Mittel Thomas Müller
95%
Sturm Thomas Müller
95%
Sturm Thomas Müller
95%
Sturm Thomas Müller
95%
Sturm Thomas Müller
95%
Mittel Thomas Müller
95%
Mittel Thomas Müller
95%
Mittel Thomas Müller
95%
Mittel Thomas Müller
95%
Mittel Thomas Müller
95%
63. Thomas Müller
95%
Mittel Thomas Müller
95%
Sturm Thomas Müller
95%
Sturm Thomas Müller
95%
Mittel Bastian Schweinsteiger
94%
Mittel Bastian Schweinsteiger
94%
Mittel Bastian Schweinsteiger
94%
Mittel Bastian Schweinsteiger
94%
Mittel Bastian Schweinsteiger
94%
73. Bastian Schweinsteiger
94%
Mittel Bastian Schweinsteiger
94%
Mittel Bastian Schweinsteiger
94%
Mittel Bastian Schweinsteiger
94%
Mittel Bastian Schweinsteiger
94%
Mittel Bastian Schweinsteiger
94%
Mittel Bastian Schweinsteiger
94%
Mittel Bastian Schweinsteiger
94%
Mittel Bastian Schweinsteiger
94%
69. Bastian Schweinsteiger
94%
Mittel Bastian Schweinsteiger
94%
Mittel Bastian Schweinsteiger
94%
Mittel Bastian Schweinsteiger
94%
Mittel Bastian Schweinsteiger
94%
Mittel Bastian Schweinsteiger
94%
Abwehr Philipp Lahm
92%
Abwehr Philipp Lahm
92%
Abwehr Philipp Lahm
92%
Abwehr Philipp Lahm
92%
Abwehr Philipp Lahm
92%
Abwehr Philipp Lahm
92%
Abwehr Philipp Lahm
92%
Abwehr Philipp Lahm
92%
Abwehr Philipp Lahm
92%
Abwehr Philipp Lahm
92%
Abwehr Philipp Lahm
92%
Abwehr Philipp Lahm
92%
Abwehr Philipp Lahm
92%
Mittel Philipp Lahm
92%
Mittel Philipp Lahm
92%
Mittel Philipp Lahm
92%
Mittel Philipp Lahm
92%
Abwehr Philipp Lahm
92%
Abwehr Philipp Lahm
92%
Abwehr Philipp Lahm
92%
Abwehr Jerome Boateng
91%
Abwehr Jerome Boateng
91%
Abwehr Jerome Boateng
91%
Abwehr Jerome Boateng
91%
Abwehr Jerome Boateng
91%
Abwehr Jerome Boateng
91%
Abwehr Jerome Boateng
91%
Abwehr Jerome Boateng
91%
Abwehr Jerome Boateng
91%
Abwehr Jerome Boateng
91%
Abwehr Jerome Boateng
91%
Abwehr Jerome Boateng
91%
Abwehr Jerome Boateng
91%
Abwehr Jerome Boateng
91%
Mittel Mario Götze
90%
Mittel Mario Götze
90%
76. Mario Götze
90%
Mittel Mario Götze
90%
83. Mario Götze
90%
88. Mario Götze
90%
79. Mario Götze
90%
66. Mario Götze
90%
Mittel Mesut Özil
90%
Mittel Mesut Özil
90%
Mittel Mesut Özil
90%
Mittel Mesut Özil
90%
Mittel Mesut Özil
90%
Mittel Mesut Özil
90%
Mittel Mesut Özil
90%
Mittel Mesut Özil
90%
Mittel Mesut Özil
90%
Mittel Mesut Özil
90%
Mittel Mesut Özil
90%
Mittel Mesut Özil
90%
Mittel Mesut Özil
90%
Mittel Mesut Özil
90%
Mittel Mesut Özil
90%
Mittel Mesut Özil
90%
Abwehr Joshua Kimmich
88%
Abwehr Joshua Kimmich
88%
Abwehr Joshua Kimmich
88%
Mittel Joshua Kimmich
88%
Mittel Joshua Kimmich
88%
Abwehr Joshua Kimmich
88%
Abwehr Mats Hummels
88%
Abwehr Mats Hummels
88%
Abwehr Mats Hummels
88%
Abwehr Mats Hummels
88%
Abwehr Mats Hummels
88%
Abwehr Mats Hummels
88%
Abwehr Mats Hummels
88%
Abwehr Mats Hummels
88%
81. Toni Kroos
86%
77. Toni Kroos
86%
62. Toni Kroos
86%
81. Toni Kroos
86%
Mittel Toni Kroos
86%
Mittel Toni Kroos
86%
Mittel Toni Kroos
86%
Mittel Toni Kroos
86%
Mittel Toni Kroos
86%
Mittel Toni Kroos
86%
Mittel Toni Kroos
86%
Mittel Toni Kroos
86%
Mittel Toni Kroos
86%
Mittel Toni Kroos
86%
Abwehr Benedikt Höwedes
85%
Abwehr Benedikt Höwedes
85%
Abwehr Benedikt Höwedes
85%
Abwehr Benedikt Höwedes
85%
Abwehr Benedikt Höwedes
85%
Abwehr Benedikt Höwedes
85%
Abwehr Benedikt Höwedes
85%
Abwehr Per Mertesacker
85%
Abwehr Per Mertesacker
85%
Abwehr Per Mertesacker
85%
Abwehr Per Mertesacker
85%
Abwehr Per Mertesacker
85%
Abwehr Per Mertesacker
85%
Abwehr Per Mertesacker
85%
Abwehr Per Mertesacker
85%
Abwehr Per Mertesacker
85%
Abwehr Per Mertesacker
85%
Abwehr Per Mertesacker
85%
Abwehr Per Mertesacker
85%
Abwehr Per Mertesacker
85%
Abwehr Per Mertesacker
85%
Abwehr Per Mertesacker
85%
Abwehr Per Mertesacker
85%
Abwehr Per Mertesacker
85%
46. Per Mertesacker
85%
120. Per Mertesacker
85%
Sturm Lukas Podolski
83%
Sturm Lukas Podolski
83%
Sturm Lukas Podolski
83%
Sturm Lukas Podolski
83%
Sturm Lukas Podolski
83%
Sturm Lukas Podolski
83%
Sturm Lukas Podolski
83%
Mittel Lukas Podolski
83%
Mittel Lukas Podolski
83%
Mittel Lukas Podolski
83%
Mittel Lukas Podolski
83%
Mittel Lukas Podolski
83%
Mittel Lukas Podolski
83%
82. Lukas Podolski
83%
Mittel Lukas Podolski
83%
Mittel Michael Ballack
83%
Mittel Michael Ballack
83%
Mittel Michael Ballack
83%
Mittel Michael Ballack
83%
Mittel Michael Ballack
83%
Mittel Michael Ballack
83%
Mittel Michael Ballack
83%
Mittel Michael Ballack
83%
Mittel Michael Ballack
83%
Mittel Michael Ballack
83%
Mittel Michael Ballack
83%
Mittel Sami Khedira
83%
Mittel Sami Khedira
83%
Mittel Sami Khedira
83%
Mittel Sami Khedira
83%
Mittel Sami Khedira
83%
Mittel Sami Khedira
83%
Mittel Sami Khedira
83%
Mittel Sami Khedira
83%
Mittel Sami Khedira
83%
70. Sami Khedira
83%
Mittel Sami Khedira
83%
Mittel Sami Khedira
83%
Mittel Sami Khedira
83%
Mittel Sami Khedira
83%
63. Andre Schürrle
82%
89. Andre Schürrle
82%
46. Andre Schürrle
82%
69. Andre Schürrle
82%
58. Andre Schürrle
82%
32. Andre Schürrle
82%
109. Christoph Kramer
78%
90. Christoph Kramer
78%
Mittel Christoph Kramer
78%
2006 Costa Rica Tor Jens Lehmann
78%
2006 Polen Tor Jens Lehmann
78%
2006 Ecuador Tor Jens Lehmann
78%
2006 Schweden Tor Jens Lehmann
78%
2006 Argentinien Tor Jens Lehmann
78%
2006 Italien Tor Jens Lehmann
78%
Mittel Leon Goretzka
71%
67. Leon Goretzka
71%
Mittel Leon Goretzka
71%
Mittel Leon Goretzka
71%
60. Marco Reus
71%
Mittel Marco Reus
71%
Mittel Marco Reus
71%
70. Leroy Sane
69%
Mittel Leroy Sane
69%
Abwehr Antonio Rüdiger
68%
Abwehr Antonio Rüdiger
68%
Abwehr Antonio Rüdiger
68%
Abwehr Antonio Rüdiger
68%
Mittel Jamal Musiala
68%
Mittel Jamal Musiala
68%
Mittel Jamal Musiala
68%
74. Mario Gomez
68%
77. Mario Gomez
68%
72. Mario Gomez
68%
81. Mario Gomez
68%
79. Mario Gomez
68%
46. Mario Gomez
68%
58. Mario Gomez
68%
Mittel Serge Gnabry
67%
Mittel Serge Gnabry
67%
Mittel Serge Gnabry
67%
Sturm Kai Havertz
63%
66. Kai Havertz
63%
79. Niclas Füllkrug
61%
70. Niclas Füllkrug
61%
55. Niclas Füllkrug
61%
Abwehr Nico Schlotterbeck
61%
87. Nico Schlotterbeck
61%
Mittel Torsten Frings
61%
Mittel Torsten Frings
61%
Mittel Torsten Frings
61%
Abwehr Torsten Frings
61%
Mittel Torsten Frings
61%
Abwehr Torsten Frings
61%
Mittel Torsten Frings
61%
Mittel Torsten Frings
61%
Mittel Torsten Frings
61%
Mittel Torsten Frings
61%
Mittel Torsten Frings
61%
Mittel Torsten Frings
61%
Mittel Torsten Frings
61%
Abwehr David Raum
60%
Abwehr David Raum
60%
Abwehr David Raum
60%
Abwehr Arne Friedrich
59%
Abwehr Arne Friedrich
59%
Abwehr Arne Friedrich
59%
Abwehr Arne Friedrich
59%
Abwehr Arne Friedrich
59%
Abwehr Arne Friedrich
59%
Abwehr Arne Friedrich
59%
Abwehr Arne Friedrich
59%
Abwehr Arne Friedrich
59%
Abwehr Arne Friedrich
59%
Abwehr Arne Friedrich
59%
Abwehr Arne Friedrich
59%
Abwehr Arne Friedrich
59%
76. Julian Draxler
58%
Mittel Julian Draxler
58%
Mittel Julian Draxler
58%
31. Ilkay Gündogan
57%
Mittel Ilkay Gündogan
57%
Mittel Ilkay Gündogan
57%
Mittel Ilkay Gündogan
57%
Mittel Bernd Schneider
55%
Mittel Bernd Schneider
55%
Mittel Bernd Schneider
55%
Mittel Bernd Schneider
55%
Mittel Bernd Schneider
55%
Mittel Bernd Schneider
55%
Mittel Bernd Schneider
55%
Mittel Bernd Schneider
55%
Mittel Bernd Schneider
55%
Mittel Bernd Schneider
55%
Mittel Bernd Schneider
55%
Mittel Bernd Schneider
55%
Mittel Bernd Schneider
55%
Mittel Bernd Schneider
55%
77. Oliver Neuville
55%
84. Oliver Neuville
55%
Sturm Oliver Neuville
55%
Sturm Oliver Neuville
55%
Sturm Oliver Neuville
55%
Sturm Oliver Neuville
55%
79. Oliver Neuville
55%
70. Oliver Neuville
55%
66. Oliver Neuville
55%
74. Oliver Neuville
55%
86. Oliver Neuville
55%
111. Oliver Neuville
55%
65. Oliver Neuville
55%
73 Shkodran Mustafi
55%
46. Shkodran Mustafi
55%
Abwehr Shkodran Mustafi
55%
90. David Odonkor
54%
63. David Odonkor
54%
62. David Odonkor
54%
83. David Odonkor
54%
Abwehr Christoph Metzelder
53%
Abwehr Christoph Metzelder
53%
Abwehr Christoph Metzelder
53%
Abwehr Christoph Metzelder
53%
Abwehr Christoph Metzelder
53%
Abwehr Christoph Metzelder
53%
Abwehr Christoph Metzelder
53%
Abwehr Christoph Metzelder
53%
Abwehr Christoph Metzelder
53%
Abwehr Christoph Metzelder
53%
Abwehr Christoph Metzelder
53%
Abwehr Christoph Metzelder
53%
Abwehr Christoph Metzelder
53%
Abwehr Niklas Süle
53%
Abwehr Niklas Süle
53%
Abwehr Niklas Süle
53%
Abwehr Niklas Süle
53%
Sturm Timo Werner
52%
Sturm Timo Werner
52%
Sturm Timo Werner
52%
86. Julian Brandt
50%
87. Julian Brandt
50%
78. Julian Brandt
50%
90. Matthias Ginter
46%
68. Cacau
45%
70. Cacau
45%
Sturm Cacau
45%
Sturm Cacau
45%
2010 Uruguay Tor Hans Jörg Butt
43%
Mittel Tim Borowski
42%
77. Tim Borowski
42%
66. Tim Borowski
42%
72. Tim Borowski
42%
74. Tim Borowski
42%
Mittel Tim Borowski
42%
Sturm Carsten Jancker
40%
Sturm Carsten Jancker
40%
Sturm Carsten Jancker
40%
Abwehr Jens Nowotny
39%
67. Oliver Bierhoff
35%
75. Oliver Bierhoff
35%
88. Oliver Bierhoff
35%
70. Oliver Bierhoff
35%
74. Oliver Bierhoff
35%
Abwehr Thomas Linke
35%
Abwehr Thomas Linke
35%
Abwehr Thomas Linke
35%
Abwehr Thomas Linke
35%
Abwehr Thomas Linke
35%
Abwehr Thomas Linke
35%
Abwehr Thomas Linke
35%
Abwehr Marcell Jansen
34%
73. Marcell Jansen
34%
72. Marcell Jansen
34%
52. Marcell Jansen
34%
Mittel Marcell Jansen
34%
Mittel Didi Hamann
32%
Mittel Didi Hamann
32%
Mittel Didi Hamann
32%
Mittel Didi Hamann
32%
Mittel Didi Hamann
32%
Mittel Didi Hamann
32%
Abwehr Carsten Ramelow
31%
Abwehr Carsten Ramelow
31%
Abwehr Carsten Ramelow
31%
Abwehr Carsten Ramelow
31%
Abwehr Carsten Ramelow
31%
Abwehr Jonas Hector
31%
Abwehr Jonas Hector
31%
46. Sebastian Kehl
31%
Abwehr Sebastian Kehl
31%
72. Sebastian Kehl
31%
85. Sebastian Kehl
31%
Mittel Sebastian Kehl
31%
Mittel Sebastian Kehl
31%
Abwehr Marvin Plattenhardt
30%
90. Gerald Asamoah
29%
88. Gerald Asamoah
29%
77. Gerald Asamoah
29%
73. Gerald Asamoah
29%
Abwehr Holger Badstuber
29%
Abwehr Holger Badstuber
29%
46. Jens Jeremies
27%
90. Jens Jeremies
27%
80. Jens Jeremies
27%
Mittel Jens Jeremies
27%
60. Jens Jeremies
27%
85. Jens Jeremies
27%
Mittel Jens Jeremies
27%
70. Lukas Klostermann
27%
46. Lukas Klostermann
27%
Mittel Sebastian Rudy
27%
83. Stefan Kiessling
27%
73. Stefan Kiessling
27%
85. Marco Bode
26%
46. Marco Bode
26%
Mittel Marco Bode
26%
79. Marco Bode
26%
Mittel Marco Bode
26%
Mittel Marco Bode
26%
Abwehr Robert Huth
26%
60. Frank Baumann
25%
67. Piotr Trochowski
25%
72. Piotr Trochowski
25%
84. Piotr Trochowski
25%
Mittel Piotr Trochowski
25%
Mittel Christian Ziege
24%
Mittel Christian Ziege
24%
Mittel Christian Ziege
24%
Mittel Christian Ziege
24%
84. Christian Ziege
24%
71. Mike Hanke
23%
90. Youssoufa Moukoko
21%
Abwehr Thilo Kehrer
19%
79. Thomas Hitzlsperger
19%
81. Marco Marin
17%
70. Marco Marin
17%
90. Serdar Tasci
17%
Abwehr Marko Rehmer
14%
Abwehr Dennis Aogo
12%
67. Jonas Hofmann
12%
85. Jonas Hofmann
12%
Keine übereinstimmenden Quizze gefunden
Verteilung der Resultate
Anzahl Personen mit jedem Resultat
Perzentil nach korrekt beantworteten Fragen
Ihre Resultats-Entwicklung
Sie haben dieses Quiz noch nicht gespielt